000
00196nam a22000857a 4500
008
240104b ||||| |||| 00| 0 eng d
082
_a
823
100
_9
5638
_a
Lall, Ramji
245
_a
Aristotle's Poetics
999
_c
7189
_d
7189